000 00611nam a2200241Ia 4500
003 GCL
005 20240530110924.0
008 140319s2007 sp h f 000 0 eng d
020 _a9788496263819
040 _aGCL /
_cGCL
082 0 4 _a747.8523/
_bC O
100 1 _aChueca, Pilar
245 1 0 _a OFFICE INTERIORS /
_cPilar Chueca
260 _aSpain :
_bLinks،
_c2007.
300 _a237 p. :
_bill ;
_c30 cm.
650 0 4 _aINTERIOR DECORATION
650 0 4 _aARTS
650 0 4 _aOFFICE DESIGN
650 0 4 _aOFFICE ROOMS
650 0 4 _aOFFICE DECORATION
700 1 _aCUNLIFFE, ROGER
942 _2ddc
_cBK
999 _c66532
_d66532